Newcastle United Squad 24/25 - Statistics

General Stats
  • This quiz has been taken 88 times
    69 since last reset
  • The average score is 22 of 30
Answer Stats
# Nation Former Club Answer % Correct
14 Sweden Real Sociedad Alexander Isak
98%
10 England Everton Anthony Gordon
98%
5 Switzerland Deportivo Coruna Fabian Schar
98%
1 Slovakia Sparta Prague Martin Dubravka
98%
8 Italy Milan Sandro Tonali
98%
2 England Atletico Madrid Kieran Trippier
96%
7 Brazil Hoffenheim Joelinton
94%
4 Netherlands Lille Sven Botman
94%
39 Brazil Lyon Bruno Guimaraes
90%
9 England Bournemouth Callum Wilson
88%
11 England Leicester City Harvey Barnes
88%
24 Paraguay Atlanta United Miguel Almiron
86%
22 England Burnley Nick Pope
84%
28 England Arsenal Joe Willock
82%
33 England Brighton Dan Burn
80%
20 England Chelsea Lewis Hall
76%
23 England Norwich City Jacob Murphy
75%
21 England Southampton Tino Livramento
75%
36 England Youth Sean Longstaff
73%
17 Sweden Amiens Emil Krafth
71%
6 England Nottingham Jamaal Lascelles
71%
19 Greece Nottingham Odysseas Vlachodimos
61%
13 England Aston Villa Matt Targett
57%
67 England Youth Lewis Miley
53%
18 Denmark Sheffield Utd William Osula
51%
25 England Bournemouth Lloyd Kelly
47%
26 England Birmingham John Ruddy
35%
38 Australia Central Coast Garang Kuol
33%
29 England Motherwell Mark Gillespie
33%
30 Scotland West Ham Harrison Ashby
24%
No matching quizzes found
Score Distribution
Percent of People with Each Score
Percentile by Number Answered
Your Score History
You have not taken this quiz since the last reset